Quiz da Palestina - Statistics

Estatísticas Gerais
  • Esse quiz foi jogado 884 vezes
  • A pontuação média é 10 de 21
Estatísticas das Respostas
Dica Resposta % Correto
Os dois territórios que são referidos como 'Palestina' atualmente Faixa de {Gaza}
98%
Países fazendo fronteira com esses territórios Israel
96%
Países fazendo fronteira com esses territórios Jordânia
87%
Proposta da capital de um futuro estado palestino Jerusalém Oriental
85%
Países fazendo fronteira com esses territórios Egito
77%
Local de nascimento de Jesus de acordo com a Bíblia Belém
72%
Os dois territórios que são referidos como 'Palestina' atualmente Cisjordânia
69%
Império que controlou a palestina entre 1516 e 1922 Império Otomano
67%
País que teve um "mandato" para governar a Palestina entre 1922 a 1947 Reino Unido
64%
Partido que controla o território #2 Hamas
63%
Fala-se que este patriarca bíblico está enterrado na cidade acima Abraão
37%
Cidade mais antiga da Palestina, e possivelmente do mundo inteiro Jericó
28%
Atual capital de facto da Palestina Ramala
26%
Presidente da OLP de 1969–2004 Yasser Arafat
26%
Termo para os violentos levantes palestinos que ocorreram em 1987 a 1993 e 2000 a 2005 Intifada
24%
Antigo reino na área governada pelo rei Herodes Judeia
24%
Partido que controla o governo no território #1 Fatah
23%
Nome da área durante a Idade do Bronze (começa com C) Canaã
19%
Atual Presidente da Autoridade Nacional Palestina (ANP) Mahmoud Abbas
16%
Mesquita construída no Monte do Templo por volta de 700 d.C. Al-{Aqsa}
15%
Cidade mais populosa do território controlado pela ANP Hebrom
15%
Nenhum quiz correspondente encontrado
Distribuição das Pontuações
Porcentagem de Pessoas com Cada Pontuação
Percentil de Números Respondidos
Sua Pontuação Histórica
Você não jogou esse quiz